000 00916nam a22003017a 4500
003 CHAP
005 20220329133035.0
008 971013s1989 r 00010 d
010 _a1512
011 _a2484
035 _a1678
040 _cCHAP
082 _a972.5
_bA3
100 0 0 _aAguirre Vizzuett, Javier.
_93055
245 _aDistrito Federal
_b: organización jurídica y política
260 _aMéxico, D. F. :
_bPorrúa,
_c1989
300 _a217 p.
500 _aD42-32
590 _aBATCH-UPD
_b10
_c20130110
_lUCH01
_h2044
590 _aBATCH-UPD
_b10
_c20130410
_lUCH01
_h1358
590 _aBATCH-UPD
_b10
_c20130914
_lUCH01
_h1828
590 _aCONVERSION
_b10
_c20130109
_lUCH01
_h1302
650 1 4 _aMéxico (D.F.)
_xHistoria.
_976817
650 1 4 _aMéxico (D.F.)
_xPolítica y gobierno.
_976821
901 _aBK
942 _cLIBRO
949 _a972.5 A3
_bBC
_cLIBRO
_d33724000138277
_eLIBRO
_h78961
_i1678
_si
999 _c1512
_d1512